| 000 | 03450nam a2200325 4500 | ||
|---|---|---|---|
| 003 | OSt | ||
| 005 | 20251218093043.0 | ||
| 007 | cr ||||||a|c|a | ||
| 008 | 240606s2023 mx adb|f |||| 001 0 spa d | ||
| 020 | _a9786078383511 (impreso) | ||
| 020 | _a9786078383528 (versión digital) | ||
| 040 |
_erda _cCHAP |
||
| 082 | 0 | 0 |
_a333.75150972 _bC73 |
| 245 | 0 | 0 |
_aEstado que guarda el sector forestal en México 2022: _bbosques para el bienestar social y ambiental / _cpor CONAFOR (Comisión Nacional Forestal ) |
| 250 | _aPrimera edición | ||
| 264 | 1 |
_aMéxico: _bCONAFOR, _c2022. |
|
| 300 |
_a492 páginas : _bIlustraciones, cuadros, gráficas, mapas, tablas. |
||
| 336 |
_2rdacontent _atexto _btxt |
||
| 337 |
_2rdamedia _asin medio _bn |
||
| 338 |
_2rdacarrier _avolumen _bnc |
||
| 505 | _6También disponible en línea | ||
| 520 | _aEl presente documento es producto del trabajo colectivo del equipo de la CONAFOR, quienes, en los distintos ámbitos de su competencia han integrado, procesado e interpretado la información que aquí se presenta. A diferencia de ediciones anteriores, en este documento se ha buscado enfatizar en la gran cantidad de servicios ecosistémicos que brindan los recursos forestales de México, se reflexiona sobre los desafíos que los factores de disturbio representan para su preservación y también acerca de los mecanismos que el Gobierno de México ha instrumentado para lograr que nuestro país transite hacia un modelo de desarrollo forestal sostenible que tenga en cuenta las aspiraciones de las personas dueñas y poseedoras de los recursos forestales y también el potencial de uso de estos recursos. Si bien en la visión tradicional se considera que la biodiversidad solo se restringe a los recursos biológicos, en este libro reflexionamos sobre la importancia de integrar a la cultura como otro elemento. Los habitantes de los territorios forestales se vinculan a éstos en sus formas de uso, costumbres y en su vida cotidiana. De esta forma, los humanos tenemos una relación irreductible con los recursos naturales. Bajo estas consideraciones, en la CONAFOR se impulsan acciones de política pública que buscan integrar a las personas más desfavorecidas al territorio, incorporar a mujeres y jóvenes en proyectos productivos forestales, favorecer la gobernanza en los núcleos agrarios, fomentar la incorporación de predios al manejo forestal sostenible, en particular el manejo forestal comunitario, promover la educación, capacitación y transferencia de tecnología; instrumentar mecanismos para fortalecer la conservación, protección y restauración de ecosistemas forestales, desarrollar sistemas de gestión de la información que permitan la toma de decisiones basada en evidencia. Esperamos que el pueblo de México pueda encontrar en estas páginas información de utilidad que fortalezca su relación y aprecio por los recursos forestales de nuestro país, que reivindique las aspiraciones de quienes, a lo largo de la historia, han buscado que nuestra población ejerza su derecho legítimo al bienestar | ||
| 650 | 4 |
_9144702 _aBosques _x Preservación |
|
| 650 | 4 |
_9133223 _aCambio global del medio ambiente |
|
| 650 | 4 |
_9186121 _aCambio climático _xPolítica y gobierno |
|
| 650 | 2 |
_9132499 _aManejo de ecosistemas |
|
| 710 | 1 |
_925820 _aComisión Nacional Forestal. México |
|
| 856 | 4 | 0 |
_uhttp://10.13.5.2/libros/ISBN_978-607-8383-52-8.pdf _zDESCARGAR PDF |
| 942 |
_2ddc _cLIBRO |
||
| 999 |
_c219973 _d219973 |
||